| Tag |
First Indicator |
Second Indicator |
Subfields |
| LEADER |
00000cam a2200000 4500 |
| 001 |
in00000212521 |
| 005 |
20151009055004.0 |
| 008 |
760421s1962 nyuaf e 00000 eng d |
| 035 |
|
|
|a (OCoLC)02129109
|
| 035 |
|
|
|9 AAW9555AM
|
| 040 |
|
|
|a STU
|c STU
|d TXA
|d UtOrBLW
|
| 049 |
|
|
|a TXAM
|c [450802]
|
| 090 |
|
|
|a N31
|b .P4 no. 47
|
| 100 |
0 |
|
|a De La Souchere,
|c Dor.
|
| 245 |
1 |
0 |
|a Picasso; Antibes.
|
| 264 |
|
1 |
|a New York :
|b Tudor Publishing Co.,
|c [1962]
|
| 300 |
|
|
|a 15 unnumbered pages :
|b illustrations, 15 color plates. ;
|c 15 cm.
|
| 336 |
|
|
|a text
|b txt
|2 rdacontent
|
| 337 |
|
|
|a unmediated
|b n
|2 rdamedia
|
| 338 |
|
|
|a volume
|b nc
|2 rdacarrier
|
| 490 |
1 |
|
|a Petite encyclopedie de l'art,
|v 47
|
| 600 |
1 |
0 |
|a Picasso, Pablo,
|d 1881-1973.
|
| 650 |
|
0 |
|a Art
|x Dictionaries and encyclopedias.
|
| 830 |
|
0 |
|a Petite encyclopedie de l'art ;
|v 47.
|
| 999 |
|
|
|a MARS
|
| 999 |
f |
f |
|s 7c8c1206-ffe6-3872-91a3-d9f69e9c1770
|i 1cd7a672-3c7d-33f1-b136-dfafe4a53c68
|t 0
|
| 952 |
f |
f |
|p normal
|a Texas A&M University
|b College Station
|c Sterling C. Evans Library
|d Evans: Library Stacks
|t 0
|e N31 .P4 no. 47
|h Library of Congress classification
|i unmediated -- volume
|m A14803374413
|
| 998 |
f |
f |
|a N31 .P4 no. 47
|t 0
|l Evans: Library Stacks
|